| 000 | 00888cam a2200217 4500 | ||
|---|---|---|---|
| 001 | WB3606-23 | ||
| 008 | 000000n2000 000 0 eng u | ||
| 035 | _a(Sirsi) u104102 | ||
| 245 | _aPrices paid open to scrutiny | ||
| 260 | _c2000 | ||
| 490 |
_aWestern Morning News _v3 February 2000, 3(1) |
||
| 520 | _aThe Lord Chancellor has announced that information on the price paid for freehold property and leases of over 21 years will be available from the Land Registry from 1 April. The reaction from the property industry has been mixed, with the RICS supporting the proposal, but others fearing that the availability of such information may lead to misunderstandings. | ||
| 590 | _aWB | ||
| 650 | _aHM LAND REGISTRY | ||
| 650 | _aPRICE PAID INFORMATION | ||
| 650 | _aFREEHOLD PROPERTY | ||
| 650 | _aLONG LEASES | ||
| 650 | _aDISCLOSURE | ||
| 690 | _aPROPERTY | ||
| 942 | _n0 | ||
| 999 |
_c62477 _d62477 |
||